LEADER 01338nam0 22003251i 450 001 UON00301554 005 20231205104007.581 010 $a28-251-0677-1 100 $a20071004d1995 |0itac50 ba 101 $afre 102 $aCH 105 $a|||| 1|||| 200 1 $aAir de la solitude$asuive de, Campagne perdue$fGustave Roud$gpréface de Jacques Chessex 210 $aLausanne$cL'Age d'Homme$dc1995 215 $a189 p.$d18 cm. 316 $aDono Consolato Svizzero$5IT-UONSI ELV1P.S./141 410 1$1001UON00174461$12001 $aPoche Suisse$1210 $aLausanne$cL'Age d'Homme ; L'Aire$v141 464 1$1001UON00314944$12001 $aCampagne perdue$fGustave Roud 620 $aCH$dLausanne$3UONL003281 676 $a848$cLetteratura francese. Scritti miscellanei.$v21 700 1$aROUD$bGustave$3UONV126816$0447274 702 1$aCHESSEX$bJacques$3UONV126791 712 $aL'Âge d'Homme$3UONV260356$4650 801 $aIT$bSOL$c20240220$gRICA 899 $aSIBA - SISTEMA BIBLIOTECARIO DI ATENEO$2UONSI 912 $aUON00301554 950 $aSIBA - SISTEMA BIBLIOTECARIO DI ATENEO$dSI ELV 1 P.S. 141 $eSI DC 438 5 141 Dono Consolato Svizzero 996 $aAir de la solitude$999707 996 $aSuive de, Campagne perdue$91378567 997 $aUNIOR